| 000 | 00408nam a2200169Ia 4500 | ||
|---|---|---|---|
| 008 | 180921t1988 xxu||||| |||| 00| 0 eng d | ||
| 041 | _aeng | ||
| 080 |
_a615.7 _bJAY |
||
| 100 | _aJayasuriya, D.C. | ||
| 245 | _aRational use of drugs and the third world | ||
| 260 |
_b _c1988 |
||
| 300 | _a90p., 22 cm | ||
| 650 | _aPharmacy | ||
| 942 | _cBK | ||
| 999 |
_c19024 _d19024 |
||
| 003 | LK-CoDNM | ||
| 040 |
_aLK-CoDNM _dLK-CoDNM _eLK-CoDNM |
||